Kelsey's midwifery and women's health nurse practitioner : (Record no. 87223)

MARC details
000 -LEADER
fixed length control field 02128nam a22003017a 4500
003 - CONTROL NUMBER IDENTIFIER
control field URS
005 - DATE AND TIME OF LATEST TRANSACTION
control field 20251013135309.0
008 - FIXED-LENGTH DATA ELEMENTS--GENERAL INFORMATION
fixed length control field 251013b |||||||| |||| 00| 0 eng d
020 ## - INTERNATIONAL STANDARD BOOK NUMBER
International Standard Book Number 978-1-284-28453-9
040 ## - CATALOGING SOURCE
Transcribing agency URS
Language of cataloging English
Description conventions rda
050 00 - LIBRARY OF CONGRESS CALL NUMBER
Classification number RG951
Item number .N152 2026
100 ## - MAIN ENTRY--PERSONAL NAME
Personal name Nagtalon-Ramos, Jamille,
Relator term author.
9 (RLIN) 6510
245 10 - TITLE STATEMENT
Title Kelsey's midwifery and women's health nurse practitioner :
Remainder of title certification review guide /
Statement of responsibility, etc Jamille Nagtallon-Ramos and Melicia Escobar.
250 ## - EDITION STATEMENT
Edition statement Sixth edition.
264 ## - PUBLICATION, DISTRIBUTION, ETC. (IMPRINT)
Place of publication, distribution, etc Burlingtin, MA :
Name of publisher, distributor, etc Jones & Barlett Learning,
Date of publication, distribution, etc ©2026.
300 ## - PHYSICAL DESCRIPTION
Extent xvii, 444 pages ;
Dimensions 28 cm.
336 ## - CONTENT TYPE
Source txt
Content type term text
Content type code rdacontent
337 ## - MEDIA TYPE
Source rdamedia
Media type term unmediated
Media type code n
338 ## - CARRIER TYPE
Source rdacarrier
Carrier type term volume
Carrier type code nc
504 ## - BIBLIOGRAPHY, ETC. NOTE
Bibliography, etc Includes bibliographical references and index.
520 ## - SUMMARY, ETC.
Summary, etc "This is a comprehensive review designed to help midwives and women's health nurse practitioners prepare for their certification exams. Based on the American Midwifery Certification Board (AMCB) and the National Certification Corporation (NCC) test blueprints, it contains nearly 1,000 questions with answers and rationales representing those found on the exams. This certification review guide provides both content outlines and practice questions for a systematic approach to reviewing the myriad topics WHNPs and CNMS are expected to know. It walks through how to organize and study effectively and provides clear review topics and nearly 1000 practice questions to help users feel prepared on their exam day. The 6th edition offers a Navigate course with access to the eBook, printable flashcards, and an online-only color plate of images as well as the TestPreps. There are two TestPreps offered: one for WHNP (women's health nurse practitioners), one for CNM (certified nurse midwives). The TestPreps will also be made available as a standalone purchase".
650 #0 - SUBJECT ADDED ENTRY--TOPICAL TERM
Topical term or geographic name as entry element Diseases.
9 (RLIN) 6505
650 #0 - SUBJECT ADDED ENTRY--TOPICAL TERM
Topical term or geographic name as entry element Midwives.
Topical term following geographic name as entry element Examinations, questions, etc.
9 (RLIN) 6507
650 #0 - SUBJECT ADDED ENTRY--TOPICAL TERM
Topical term or geographic name as entry element Nurse practitioners.
9 (RLIN) 6508
650 #0 - SUBJECT ADDED ENTRY--TOPICAL TERM
Topical term or geographic name as entry element Pregnancy Complications
General subdivision Nursing.
9 (RLIN) 6504
700 ## - ADDED ENTRY--PERSONAL NAME
Personal name Escobar, Melicia,
Relator term author.
9 (RLIN) 6509
942 ## - ADDED ENTRY ELEMENTS (KOHA)
Source of classification or shelving scheme Library of Congress Classification
Koha item type Reserved Books
Holdings
Withdrawn status Lost status Source of classification or shelving scheme Damaged status Not for loan Collection code Home library Current library Shelving location Date acquired Source of acquisition Total Checkouts Full call number Barcode Date last seen Copy number Cost, replacement price Price effective from Koha item type
    Library of Congress Classification     Non-fiction Taytay College Library Taytay College Library Nursing Collection 08/12/2025 Purchased   RG951 .N152 2026 URSTAY-5871 10/13/2025 1 7797.00 10/13/2025 Reserved Books

University of Rizal System
Email us at univlibservices@urs.edu.ph

Visit our Website www.urs.edu.ph/library